Fundamentals of Solid State Engineering

Fundamentals of Solid State Engineering, 3rd Edition, provides a multi-disciplinary introduction to solid state engineering, combining concepts from physics, chemistry, electrical engineering, materials science and mechanical engineering. Revised throughout, this third edition includes new topics su...

Full description

Bibliographic Details
Main Author: Razeghi, Manijeh (Author)
Corporate Author: SpringerLink (Online service)
Format: Electronic eBook
Language:English
Published: Boston, MA : Springer US, 2009.
Edition:3.
Subjects:
Online Access:Full Text via HEAL-Link
LEADER 03487nam a22005775i 4500
001 978-0-387-92168-6
003 DE-He213
005 20151204145139.0
007 cr nn 008mamaa
008 100301s2009 xxu| s |||| 0|eng d
020 |a 9780387921686  |9 978-0-387-92168-6 
024 7 |a 10.1007/978-0-387-92168-6  |2 doi 
040 |d GrThAP 
050 4 |a TK7800-8360 
050 4 |a TK7874-7874.9 
072 7 |a TJF  |2 bicssc 
072 7 |a TEC008000  |2 bisacsh 
072 7 |a TEC008070  |2 bisacsh 
082 0 4 |a 621.381  |2 23 
100 1 |a Razeghi, Manijeh.  |e author. 
245 1 0 |a Fundamentals of Solid State Engineering  |h [electronic resource] /  |c by Manijeh Razeghi. 
250 |a 3. 
264 1 |a Boston, MA :  |b Springer US,  |c 2009. 
300 |a XXVIII, 764 p. 350 illus.  |b online resource. 
336 |a text  |b txt  |2 rdacontent 
337 |a computer  |b c  |2 rdamedia 
338 |a online resource  |b cr  |2 rdacarrier 
347 |a text file  |b PDF  |2 rda 
505 0 |a Crystalline Properties of Solids -- Electronic Structure of Atoms -- to Quantum Mechanics -- Electrons and Energy Band Structures in Crystals -- Phonons -- Thermal Properties of Crystals -- Equilibrium Charge Carrier Statistics in Semiconductors -- Non-Equilibrium Electrical Properties of Semiconductors -- Semiconductor p-n and Metal-Semiconductor Junctions -- Optical Properties of Semiconductors -- Electron-Electron Interactions: Screening -- Semiconductor Heterostructures and Low-Dimensional Quantum Structures -- Quantum Transport -- Electron Phonon Interactions -- Compound Semiconductors and Crystal Growth Tec -- Semiconductor Characterization Techniques -- Defects. 
520 |a Fundamentals of Solid State Engineering, 3rd Edition, provides a multi-disciplinary introduction to solid state engineering, combining concepts from physics, chemistry, electrical engineering, materials science and mechanical engineering. Revised throughout, this third edition includes new topics such as electron-electron and electron-phonon interactions, in addition to the Kane effective mass method. A chapter devoted to quantum mechanics has been expanded to cover topics such as the harmonic oscillator, the hydrogen atom, the quantum mechanical description of angular momentum and the origin of spin. This textbook also features an improved transport theory description, which now goes beyond Drude theory, discussing the Boltzmann approach. Introducing students to the rigorous quantum mechanical way of thinking about and formulating transport processes, this textbook presents the basic physics concepts and thorough treatment of semiconductor characterization technology, designed for solid state engineers. 
650 0 |a Engineering. 
650 0 |a Solid state physics. 
650 0 |a Spectroscopy. 
650 0 |a Microscopy. 
650 0 |a Electronics. 
650 0 |a Microelectronics. 
650 0 |a Optical materials. 
650 0 |a Electronic materials. 
650 0 |a Nanotechnology. 
650 1 4 |a Engineering. 
650 2 4 |a Electronics and Microelectronics, Instrumentation. 
650 2 4 |a Optical and Electronic Materials. 
650 2 4 |a Solid State Physics. 
650 2 4 |a Spectroscopy and Microscopy. 
650 2 4 |a Nanotechnology. 
710 2 |a SpringerLink (Online service) 
773 0 |t Springer eBooks 
776 0 8 |i Printed edition:  |z 9780387921679 
856 4 0 |u http://dx.doi.org/10.1007/978-0-387-92168-6  |z Full Text via HEAL-Link 
912 |a ZDB-2-ENG 
950 |a Engineering (Springer-11647)